STRENGTH and conditioning for young athletes : science and application
Gespeichert in:
| Format: | Buch |
|---|---|
| Sprache: | Englisch |
| Veröffentlicht: |
Routledge
2020
|
| Tags: |
Tag hinzufügen
Keine Tags, Fügen Sie den ersten Tag hinzu!
|
MARC
| LEADER | 00000nam a22000007a 4500 | ||
|---|---|---|---|
| 008 | 231103b |||||||| |||| 00| 0 eng d | ||
| 020 | |a 97808153616831 | ||
| 245 | |a STRENGTH and conditioning for young athletes |b : science and application |c / edited by Rhodri S. Lloyd and Jon L. Oliver. Edition |g xxiii,381p | ||
| 250 | |b 2nd |c Lloyds Rodri S. | ||
| 250 | |c Oliver, Jon L. | ||
| 260 | |b Routledge |c 2020 |h New York |i 699949 |i 699950 |l GV443.St8 |m Physical fitness for children |m Physical fitness for youth |m Exercise for children |m Exercise for youth | ||
| 500 | |a it includes index | ||
| 942 | |a lcc |c BK |e Johnson |f 03/11/23 | ||
| 952 | |0 0 |1 0 |2 lcc |4 0 |6 GV0443 S T8 |7 0 |9 4623 |a HE |b HOL |d 2023-11-03 |l 0 |o GV443.St8 |p 2023-0542 |r 2023-11-03 00:00:00 |t 699949 |w 2023-11-03 |y BK | ||
| 952 | |0 0 |1 0 |2 lcc |4 0 |6 GV0443 S T8 |7 0 |9 4624 |a HOL |b HOL |d 2023-11-03 |l 0 |o GV443.St8 |p 2023-0543 |r 2023-11-03 00:00:00 |t 699950 |w 2023-11-03 |y BK | ||
| 999 | |c 2318 |d 2318 | ||